Movies Quiz

Random Movies or Actor Quiz

Guess that Actor Quiz Stats

Quiz not verified by Sporcle

Challenge
Share
Tweet
Embed
Score 0/20 Timer 05:00
0 Plays Today
Movie Actor % Correct
PhiladelphiaTom Hanks
95.9%
Training DayDenzel Washington
92.2%
Raging BullRobert DeNiro
89.4%
RayJamie Foxx
88.8%
Leaving Las Vegas Nicolas Cage
87.5%
Kramer vs. KramerDustin Hoffman
86.9%
Wall StreetMichael Douglas
86.6%
On the WaterfrontMarlon Brando
75.3%
Ben-HurCharleton Heston
67.8%
My Left FootDaniel Day-Lewis
66.3%
Movie Actor % Correct
PattonGeorge C. Scott
62.8%
True GritJohn Wayne
61.6%
On Golden PondHenry Fonda
56.3%
ShineGeoffrey Rush
38.1%
My Fair LadyRex Harrison
30.9%
Kiss of the Spider WomanWilliam Hurt
30.3%
The Goodbye GirlRichard Dreyfuss
28.1%
NetworkPeter Finch
27.2%
Reversal of FortuneJeremy Irons
25%
Save the TigerJack Lemmon
24.7%

You're not logged in!

Compare scores with friends on all Sporcle quizzes.
Sign Up with Email
OR
Log In

You Might Also Like...

Show Comments

Extras

Top Quizzes Today


Score Distribution

Your Account Isn't Verified!

In order to create a playlist on Sporcle, you need to verify the email address you used during registration. Go to your Sporcle Settings to finish the process.